Kleines USA-Lexikon Wissenswertes über Land und Leute

Salvato in:
Dettagli Bibliografici
Natura: Libro
Lingua:tedesco
Pubblicazione: München Beck 1989
Edizione:1. Aufl.
Serie:Beck'sche Reihe 826
Tags: Aggiungi Tag
Nessun Tag, puoi essere il primo ad aggiungerne!!

MARC

LEADER 00000nam a2200000 4500
001 c010484
005 20260120071740.4
020 |a 3-406-33172-6 
041 0 |a ger 
044 |a DE 
245 1 0 |a Kleines USA-Lexikon  |b Wissenswertes über Land und Leute  |c Julius Redling 
250 |a 1. Aufl. 
264 1 |a München  |b Beck  |c 1989 
300 |a 202 s. 
490 1 |a Beck'sche Reihe  |v 826 
830 0 |a Beck'sche Reihe  |v 826